Tanvantarī vaityam. (Record no. 67476)
[ view plain ]
| 000 -LEADER | |
|---|---|
| fixed length control field | 00741cam a22002291 4500 |
| 001 - CONTROL NUMBER | |
| control field | sa 66000883 |
| 003 - CONTROL NUMBER IDENTIFIER | |
| control field | DLC |
| 005 - DATE AND TIME OF LATEST TRANSACTION | |
| control field | 20260227112218.0 |
| 008 - FIXED-LENGTH DATA ELEMENTS--GENERAL INFORMATION | |
| fixed length control field | 850226m19629999ii 000 0 tamx |
| 010 ## - LIBRARY OF CONGRESS CONTROL NUMBER | |
| LC control number | sa 66000883 |
| 035 ## - SYSTEM CONTROL NUMBER | |
| System control number | (OCoLC)13887733 |
| 040 ## - CATALOGING SOURCE | |
| Original cataloging agency | DLC |
| Transcribing agency | NN |
| Modifying agency | DLC |
| 042 ## - AUTHENTICATION CODE | |
| Authentication code | premarc |
| 050 00 - LIBRARY OF CONGRESS CALL NUMBER | |
| Classification number | R127.2 |
| Item number | .D45 |
| 100 0# - MAIN ENTRY--PERSONAL NAME | |
| Personal name | Dhanvantarī. |
| 245 10 - TITLE STATEMENT | |
| Title | Tanvantarī vaityam. |
| Remainder of title | S. Veṅkaṭarājan̲ avarkaḷāl patippikkappaṭṭatu. |
| 260 ## - PUBLICATION, DISTRIBUTION, ETC. | |
| Place of publication, distribution, etc. | [Tañcavūr] : |
| Name of publisher, distributor, etc. | Tañcāvūr Carapōji Sarasvatimahāl Nūlnilaya Nirvākak Kul̲uvin̲arukkākak Kaurava Kāriyatarici S. Kōpālān, |
| Date of publication, distribution, etc. | 1962- |
| 300 ## - PHYSICAL DESCRIPTION | |
| Extent | v. |
| Dimensions | 24 cm. |
| 500 ## - GENERAL NOTE | |
| General note | In Tamil. |
| 650 #0 - SUBJECT ADDED ENTRY--TOPICAL TERM | |
| Topical term or geographic name entry element | Medicine, Ayurvedic. |
| 700 1# - ADDED ENTRY--PERSONAL NAME | |
| Personal name | Veṅkaṭarājan̲, S. |
| Relator term | ed. |
No items available.